000 00419nam a22001697a 4500
999 _c362
_d362
005 20211127105636.0
008 160430b xxu||||| |||| 00| 0 eng d
020 _a978-81-259-23473
041 _aeng
082 _b1007
_a338.5024658
100 _aDwivedi, D.N.
_9314
245 _aManagerial Economics.
260 _bVikas Publishing house Pvt. Ltd.
_c2009
300 _a703
650 _aManagement
_9241
942 _cBK